| 000 | 00517nam a2200181Ia 4500 | ||
|---|---|---|---|
| 008 | 191130s2009##################000#0#eng## | ||
| 020 | _a9788189973810 | ||
| 040 |
_aACL _cACL |
||
| 082 | _a320.150 MOH | ||
| 100 | _aAmulya Ranjan Mohapatra | ||
| 245 |
_aSwaraj: a multi-dimensional concept _cAmulya Ranjan Mohapatra |
||
| 260 |
_aNew Delhi _b[publisher not identified] _c2009 |
||
| 300 | _a102p. ; 24cm | ||
| 650 | _aSwaraj | ||
| 990 | _ac501d1e2ac10000c0aa384d0a1a62546 | ||
| 991 | _a358714 | ||
| 999 |
_c292157 _d292157 |
||